|
|
|
|
| LEADER |
00994ncm a22002412a 4500 |
| 001 |
001086120 |
| 003 |
CZ BrMZK |
| 005 |
20130619090358.0 |
| 007 |
qu |
| 008 |
980105s1880 fr f fre d |
| 040 |
|
|
|a BOA001
|b cze
|
| 072 |
|
7 |
|a 782
|x Divadelní hudba. Opera, opereta, muzikál
|2 Konspekt
|9 9
|
| 100 |
1 |
|
|a Serpette, Gaston,
|d 1846-1904
|7 mzk2010589530
|4 cmp
|
| 245 |
1 |
3 |
|a Le Manoir de Pictordu
|h [hudebnina] :
|b opérette en 3 actes /
|c de St. Albin & A. Mortier ; musique de Gaston Serpette ; partition chant et piano arrangée par M. Boullard
|
| 260 |
|
|
|a Paris :
|b Choudens Père et Fils,
|c [1880?]
|
| 300 |
|
|
|a 131 s.
|
| 700 |
1 |
|
|a Saint-Albin, Albert de,
|d 1843-1901
|7 mzk2013755964
|4 aut
|
| 700 |
1 |
|
|a Mortier, Alfred,
|d 1865-1937
|7 mzk2008472959
|4 aut
|
| 700 |
1 |
|
|a Boullard, Marius,
|d 1835-1889
|7 mzk2011645991
|4 arr
|
| 910 |
|
|
|a BOA001
|b Mus3-0252.106
|
| 990 |
|
|
|a MU
|
| 991 |
|
|
|b 201002
|
| 996 |
6 |
|
|b 2619449961
|c Mus3-0252.106
|l MZK
|r Sklad / do 1 hodiny
|n 0
|w 001109393
|u 000010
|a 1
|e BOA001
|j MZK50
|s P
|